| Tag |
First Indicator |
Second Indicator |
Subfields |
| LEADER |
00000cam a2200000 a 4500 |
| 001 |
in00000027174 |
| 005 |
20151007055921.0 |
| 008 |
870522r19871920nyu 00100 eng d |
| 010 |
|
|
|a 86063352
|
| 020 |
|
|
|a 0879753889
|
| 035 |
|
|
|a (OCoLC)15725059
|
| 035 |
|
|
|9 AAB9647AM
|
| 040 |
|
|
|a RRR
|c RRR
|d m/c
|d TXA
|d UtOrBLW
|
| 049 |
|
|
|a TXAM
|v 1 [A11675776]
|v 2 [A11675784]
|
| 050 |
|
4 |
|a KF4510
|b .U54 1987
|
| 110 |
1 |
|
|a United States.
|b Constitutional Convention
|d (1787)
|
| 240 |
1 |
0 |
|a Journal of the Federal Convention
|
| 245 |
1 |
4 |
|a The debates in the Federal Convention of 1787 :
|b which framed the Constitution of the United States of America /
|c reported by James Madison ; Gaillard Hunt and James Brown Scott, editors.
|
| 264 |
|
1 |
|a Buffalo, N.Y. :
|b Prometheus Books,
|c 1987.
|
| 300 |
|
|
|a 2 volumes ;
|c 25 cm.
|
| 336 |
|
|
|a text
|b txt
|2 rdacontent
|
| 337 |
|
|
|a unmediated
|b n
|2 rdamedia
|
| 338 |
|
|
|a volume
|b nc
|2 rdacarrier
|
| 500 |
|
|
|a Reprint. Originally published: New York, 1920.
|
| 500 |
|
|
|a Includes index.
|
| 650 |
|
0 |
|a Constitutional history
|z United States.
|
| 700 |
1 |
|
|a Madison, James,
|d 1751-1836.
|
| 700 |
1 |
|
|a Hunt, Gaillard,
|d 1862-1924.
|
| 700 |
1 |
|
|a Scott, James Brown,
|d 1866-1943.
|
| 999 |
|
|
|a MARS
|
| 999 |
f |
f |
|s e5ce587a-3cb3-3663-9acd-5c1851c4ceb2
|i d04ae43f-d43a-37e4-8715-0f3478b832a4
|t 0
|
| 952 |
f |
f |
|p ric
|a Texas A&M University
|b Rellis Campus
|c Joint Library Facility
|d Remote Storage
|t 0
|e KF4510 .U54 1987
|h Library of Congress classification
|i unmediated -- volume
|k v.2
|m A14811675784
|
| 952 |
f |
f |
|p ric
|a Texas A&M University
|b Rellis Campus
|c Joint Library Facility
|d Remote Storage
|t 0
|e KF4510 .U54 1987
|h Library of Congress classification
|i unmediated -- volume
|k v.1
|m A14811675776
|
| 998 |
f |
f |
|a KF4510 .U54 1987
|s v.1-v.2
|t 0
|l Remote Storage
|